Real estate sales agent / (Record no. 137)

MARC details
000 -LEADER
fixed length control field 01135pam a2200325 a 4500
005 - DATE AND TIME OF LATEST TRANSACTION
control field 20260322212007.0
008 - FIXED-LENGTH DATA ELEMENTS--GENERAL INFORMATION
fixed length control field data
010 ## - LIBRARY OF CONGRESS CONTROL NUMBER
LC control number 98046142
020 ## - INTERNATIONAL STANDARD BOOK NUMBER
International Standard Book Number 0736801774
020 ## - INTERNATIONAL STANDARD BOOK NUMBER
International Standard Book Number 9780736801775
040 ## - CATALOGING SOURCE
Original cataloging agency DLC
Transcribing agency DLC
Modifying agency DLC
042 ## - AUTHENTICATION CODE
Authentication code lcac
050 00 - LIBRARY OF CONGRESS CALL NUMBER
Classification number HD1379
Item number .Q56 1999
082 00 - DEWEY DECIMAL CLASSIFICATION NUMBER
Classification number 333.33/023/73
Edition information 21
092 ## - LOCALLY ASSIGNED DEWEY CALL NUMBER (OCLC)
Classification number 333.33 Qui 1999
001 - CONTROL NUMBER
control field data
100 1# - MAIN ENTRY--PERSONAL NAME
Personal name Quinlan, Kathryn A.
245 10 - TITLE STATEMENT
Title Real estate sales agent /
Statement of responsibility, etc. Kathryn A. Quinlan & Jean Wussow.
260 ## - PUBLICATION, DISTRIBUTION, ETC.
Place of publication, distribution, etc. Mankato, Minn :
Name of publisher, distributor, etc. Capstone High/Low Books,
Date of publication, distribution, etc. c1999.
300 ## - PHYSICAL DESCRIPTION
Extent 48 p. :
Other physical details ill. ;
Dimensions 23 cm.
490 1# - SERIES STATEMENT
Series statement Careers without college
504 ## - BIBLIOGRAPHY, ETC. NOTE
Bibliography, etc. note Includes bibliographical references (p. 44) and index.
520 ## - SUMMARY, ETC.
Summary, etc. Describes the education and training requirements, duties, salary, employment outlook, and possible future positions of real estate agents.
650 #0 - SUBJECT ADDED ENTRY--TOPICAL TERM
Topical term or geographic name entry element Real estate business
General subdivision Juvenile literature.
-- Juvenile literature.
650 #0 - SUBJECT ADDED ENTRY--TOPICAL TERM
Topical term or geographic name entry element Real estate agents
General subdivision Juvenile literature.
650 #1 - SUBJECT ADDED ENTRY--TOPICAL TERM
Topical term or geographic name entry element Real estate agents.
650 #1 - SUBJECT ADDED ENTRY--TOPICAL TERM
Topical term or geographic name entry element Vocational guidance.
700 1# - ADDED ENTRY--PERSONAL NAME
Personal name Wussow, Jean.
830 #0 - SERIES ADDED ENTRY--UNIFORM TITLE
Uniform title Careers without college (Mankato, Minn.)
Holdings
Withdrawn status Lost status Damaged status Not for loan Home library Current library Shelving location Date acquired Total checkouts Full call number Barcode Date last seen Price effective from Koha item type
        Franklin Franklin General stacks 22/03/2026   333.33/023/73 21 BC0010141 22/03/2026 22/03/2026 Books